Brunetto Latini arcai megjelenítés és önmegjelenítés /

Elmentve itt :
Bibliográfiai részletek
Szerző: Ótott Noémi
Dokumentumtípus: Könyv része
Megjelent: Szegedi Tudományegyetem Olasz Nyelvi és Irodalmi Tanszék Szeged 2016
Sorozat:Lát(szó)tér : Fiatal kutatók italianisztikai tanulmányai
mtmt:3336615
Online Access:http://publicatio.bibl.u-szeged.hu/19739
LEADER 00727naa a2200193 i 4500
001 publ19739
005 20201015144514.0
008 201015s2016 hu o 0|| zxx d
020 |a 9789633065099 
024 7 |a 3336615  |2 mtmt 
040 |a SZTE Publicatio Repozitórium  |b hun 
041 |a zxx 
100 1 |a Ótott Noémi 
245 1 0 |a Brunetto Latini arcai   |h [elektronikus dokumentum] :  |b megjelenítés és önmegjelenítés /  |c  Ótott Noémi 
260 |a Szegedi Tudományegyetem Olasz Nyelvi és Irodalmi Tanszék  |b Szeged  |c 2016 
300 |a 19 
300 |a 13-31 
490 0 |a Lát(szó)tér : Fiatal kutatók italianisztikai tanulmányai 
856 4 0 |u http://publicatio.bibl.u-szeged.hu/19739/1/Latszoter_szerzoi.pdf  |z Dokumentum-elérés